Kenangan di rimba templer
| Main Author: | |
|---|---|
| Format: | Book |
| Published: |
Selangor :
Pct sdn.bhd. ,
2008
|
| Series: | Siri pengorbanan remaja
|
| Subjects: |
MARC
| LEADER | 00000cam a2200000 7i4500 | ||
|---|---|---|---|
| 001 | 0000082998 | ||
| 005 | 20190311.0 | ||
| 008 | 190311 | ||
| 020 | |a 9789675054112 | ||
| 090 | 0 | 0 | |a JF |b MAL |
| 100 | 1 | |a Sailey Azizah | |
| 245 | 1 | 0 | |a Kenangan di rimba templer |c Sailey Azizah |
| 260 | |a Selangor : |b Pct sdn.bhd. , |c 2008 | ||
| 490 | 1 | |a Siri pengorbanan remaja | |
| 650 | 0 | |a Malay fiction | |
| 999 | |a 0001074284 |b Book |c Children Collection |e Cawangan Pontian | ||